Statystyki dla Największe aglomeracje w Austrii

Kliknij tutaj aby rozwiązać quiz!

Ogólne statystyki

  • Ten quiz został rozwiązany 69 razy
  • Średni wynik to 6 z 12

Statystyki odpowiedzi

MiejsceMieszkańcyNazwa% Poprawnych
1.2 680 667Aglomeracja Wiedeńska
100%
4.350 159Aglomeracja Salzburska
88%
3.605 143Aglomeracja Gracka
82%
2.765 589Aglomeracja Linz
74%
5.294 209Aglomeracja Innsbrucka
71%
7.150 261Aglomeracja Klagenfurcka
48%
11.98 794Aglomeracja Villach
35%
12.89 051Aglomeracja Sankt Pölten
20%
8.124 482Aglomeracja Wels
20%
6.168 959Aglomeracja Bregencka
15%
9.111 866Aglomeracja Feldkirch
3%
10.104 501Aglomeracja Leoben
3%

Rozkład punktacji

Percentyl według liczby udzielonych odpowiedzi

Procent ludzi z każdym wynikiem

Twoja historia wyników

Nie rozwiązałeś tego quizu